Places To Study

There are group study rooms, individual study carrels, computer labs, and other spaces to study in the Libraries.

Reserve A Group Room

Online Resources

Access thousands of eBooks, audiobooks, and online journals from the comfort of your home.

Explore Resources

Events and Workshops

Join our upcoming events and workshops to enhance your skills and knowledge.

View Events

A Rakhine Chronicle / (Record no. 2793)

MARC details
000 -LEADER
fixed length control field 00638nam a22002177a 4500
003 - CONTROL NUMBER IDENTIFIER
control field OSt
005 - DATE AND TIME OF LATEST TRANSACTION
control field 20251223135517.0
008 - FIXED-LENGTH DATA ELEMENTS--GENERAL INFORMATION
fixed length control field 251223b |||||||| |||| 00| 0 eng d
040 ## - CATALOGING SOURCE
Transcribing agency DCL
041 ## - LANGUAGE CODE
Language code of text/sound track or separate title English
082 ## - DEWEY DECIMAL CLASSIFICATION NUMBER
Classification number 959.126
100 ## - MAIN ENTRY--PERSONAL NAME
Personal name Mra Aung, Saw
Titles and words associated with a name Dr.
245 12 - TITLE STATEMENT
Title A Rakhine Chronicle /
Statement of responsibility, etc. Dr. Saw Mra Aung
260 ## - PUBLICATION, DISTRIBUTION, ETC.
Place of publication, distribution, etc. Yangon :
Name of publisher, distributor, etc. Thirigonewai Press,
Date of publication, distribution, etc. 2019.
300 ## - PHYSICAL DESCRIPTION
Extent 268 pages :
Dimensions 21 cm.
504 ## - BIBLIOGRAPHY, ETC. NOTE
Bibliography, etc. note Bibliography: p. 251-267
651 ## - SUBJECT ADDED ENTRY--GEOGRAPHIC NAME
Geographic name Rakhine State (Burma)
Form subdivision History
651 ## - SUBJECT ADDED ENTRY--GEOGRAPHIC NAME
Geographic name Rakhine State (Burma)
Form subdivision Kings and rulers.
651 ## - SUBJECT ADDED ENTRY--GEOGRAPHIC NAME
Geographic name Myanmar
Form subdivision History
Chronological subdivision To 1824.
942 ## - ADDED ENTRY ELEMENTS (KOHA)
Source of classification or shelving scheme Dewey Decimal Classification
Koha item type Short Term
Suppress in OPAC No
Holdings
Withdrawn status Lost status Source of classification or shelving scheme Damaged status Not for loan Collection Accession No. Home library Current library Shelving location Date acquired Total checkouts Full call number Barcode Date last seen Price effective from Koha item type
    Dewey Decimal Classification     English Collection 2312 Dhammadhara Dhammadhara English Shelves 23/12/2025   959.126 Mr 2312 EB00002312 23/12/2025 23/12/2025 Short Term